<?xml version="1.0" encoding="UTF-8"?>
<record
    xmlns:xsi="http://www.w3.org/2001/XMLSchema-instance"
    xsi:schemaLocation="http://www.loc.gov/MARC21/slim http://www.loc.gov/standards/marcxml/schema/MARC21slim.xsd"
    xmlns="http://www.loc.gov/MARC21/slim">

  <leader>00895nab a2200253uuc4500</leader>
  <controlfield tag="001">1062547</controlfield>
  <controlfield tag="005">20240905091027.0</controlfield>
  <controlfield tag="008">080118e20070210                    spa  </controlfield>
  <datafield tag="035" ind1=" " ind2=" ">
    <subfield code="a">1062547</subfield>
  </datafield>
  <datafield tag="035" ind1=" " ind2=" ">
    <subfield code="a">(OCoLC)820382633</subfield>
  </datafield>
  <datafield tag="040" ind1=" " ind2=" ">
    <subfield code="c">comduadb</subfield>
  </datafield>
  <datafield tag="041" ind1=" " ind2=" ">
    <subfield code="a">spa</subfield>
  </datafield>
  <datafield tag="100" ind1="1" ind2="0">
    <subfield code="a">Giblin, Beatrice</subfield>
    <subfield code="4">aut</subfield>
    <subfield code="e">aut</subfield>
    <subfield code="9">452681</subfield>
  </datafield>
  <datafield tag="245" ind1="1" ind2="0">
    <subfield code="a">&#xBF;Fractura social o fractura nacional? La violencias urbanas del oto&#xF1;o de 2005 en francia</subfield>
  </datafield>
  <datafield tag="650" ind1=" " ind2=" ">
    <subfield code="a">Inmigrantes en Francia</subfield>
    <subfield code="9">133596</subfield>
  </datafield>
  <datafield tag="650" ind1=" " ind2=" ">
    <subfield code="a">Periferia urbana</subfield>
    <subfield code="9">99703</subfield>
  </datafield>
  <datafield tag="650" ind1=" " ind2=" ">
    <subfield code="a">Violencia urbana - Francia</subfield>
    <subfield code="9">155272</subfield>
  </datafield>
  <datafield tag="650" ind1=" " ind2=" ">
    <subfield code="a">Crisis social</subfield>
    <subfield code="9">176030</subfield>
  </datafield>
  <datafield tag="650" ind1=" " ind2=" ">
    <subfield code="a">Juventud y violencia</subfield>
    <subfield code="9">105946</subfield>
  </datafield>
  <datafield tag="650" ind1=" " ind2="7">
    <subfield code="a">Movilidad social</subfield>
    <subfield code="2">lemb</subfield>
    <subfield code="9">1320</subfield>
  </datafield>
  <datafield tag="650" ind1=" " ind2="7">
    <subfield code="a">Mujeres inmigrantes</subfield>
    <subfield code="2">lemb</subfield>
    <subfield code="9">55235</subfield>
  </datafield>
  <datafield tag="773" ind1="0" ind2=" ">
    <subfield code="t">Pasajes : Revista de Pensamiento Contempor&#xE1;neo (Espa&#xF1;a)</subfield>
    <subfield code="g">N&#xFA;mero 23, Primavera 2007, p. 17-31</subfield>
    <subfield code="w">811623</subfield>
    <subfield code="x">1575-2259</subfield>
    <subfield code="0">285881</subfield>
  </datafield>
  <datafield tag="942" ind1=" " ind2=" ">
    <subfield code="c">ARIMP</subfield>
  </datafield>
  <datafield tag="999" ind1=" " ind2=" ">
    <subfield code="c">449117</subfield>
    <subfield code="d">449117</subfield>
  </datafield>
</record>
